Loading...
| Current Events | 2 | 10.00 | 100% | 0% | 0% |
| Fine Arts - Classical Music | 4 | 10.00 | 50% | 25% | 25% |
| Fine Arts - Other | 3 | 10.00 | 100% | 0% | 0% |
| Fine Arts - Painting and Sculpture | 4 | 10.00 | 75% | 25% | 0% |
| Geography | 2 | 15.00 | 100% | 50% | 0% |
| History - American | 3 | 13.33 | 100% | 33% | 0% |
| History - European | 4 | 17.50 | 100% | 50% | 25% |
| History - Other | 3 | 6.67 | 67% | 0% | 0% |
| History - World | 6 | 8.33 | 67% | 17% | 0% |
| Literature - American | 6 | 8.33 | 67% | 17% | 0% |
| Literature - British | 1 | 10.00 | 100% | 0% | 0% |
| Literature - European | 8 | 11.25 | 100% | 13% | 0% |
| Literature - World | 5 | 14.00 | 100% | 20% | 20% |
| Mythology | 4 | 20.00 | 100% | 75% | 25% |
| Other Academic | 1 | 0.00 | 0% | 0% | 0% |
| Philosophy | 6 | 8.33 | 67% | 17% | 0% |
| Pop Culture | 1 | 20.00 | 100% | 100% | 0% |
| Religion | 5 | 14.00 | 100% | 40% | 0% |
| Science - Biology | 3 | 20.00 | 100% | 67% | 33% |
| Science - Chemistry | 6 | 15.00 | 100% | 50% | 0% |
| Science - Other | 3 | 13.33 | 67% | 67% | 0% |
| Science - Physics | 6 | 15.00 | 100% | 50% | 0% |
| Social Science | 3 | 13.33 | 100% | 33% | 0% |